000 00729cam a22001815a 4500
001 L156118
008 120430s1868 xxk f 000 0 eng d
035 _a(Sirsi) u156118
041 0 _aeng
100 1 _aHaskoll, W. Davis
_q(William Davis)
245 0 0 _aLand and marine surveying in reference to the preparation of plans for roads and railways
_bcanals, rivers, towns' water supplies; docks and harbours; with description and use of surveying instruments
260 _aLondon
_bLockwood & Co
_c1868
300 _aviii, 184 p.
_billus., 13 (i.e. 14) fold. pl., diagrs
_c23 cm.
583 _aCondition reviewed
_c20120620
_lcondition level 4 and 4
651 4 _aGreat Britain
_y1707-
690 _aMeasurement
_96256
942 _n0
999 _c114044
_d114044